Eurosmernica o kvalite okolitého ovzdušia - do pozornosti samosprávy

Smernica Európskeho parlamentu a Rady č. 2008/50/ES z 21. mája 2008 o kvalite okolitého ovzdušia a čistejšom ovzduší. K čomu smernica zaväzuje členské štáty Európskej únie. Prípravný proces a podklady pre prípravu smernice. Vybrané články smernice a ich stručná charakteristika. Do pozornosti špecial...

Ausführliche Beschreibung

Gespeichert in:
Bibliographische Detailangaben
1. Verfasser: Bartl, Jaroslav
Format: Buchkapitel
Sprache:Slowakisch
Schlagworte:
Tags: Tag hinzufügen
Keine Tags, Fügen Sie das erste Tag hinzu!

MARC

LEADER 00000naa$a2200000$$$4500
001 0082326
005 20231013072538.9
041 0 |a slo 
044 |a SK 
245 1 0 |a Eurosmernica o kvalite okolitého ovzdušia - do pozornosti samosprávy  |c Jaroslav Bartl 
520 |a Smernica Európskeho parlamentu a Rady č. 2008/50/ES z 21. mája 2008 o kvalite okolitého ovzdušia a čistejšom ovzduší. K čomu smernica zaväzuje členské štáty Európskej únie. Prípravný proces a podklady pre prípravu smernice. Vybrané články smernice a ich stručná charakteristika. Do pozornosti špecializovanej štátnej správy a samospráv - príloha III, IV, VIII, XIV, XV. 
610 2 0 |a ochrana ovzdušia 
610 2 0 |a kvalita ovzdušia 
610 2 0 |a samospráva 
610 2 0 |a smernice 
610 2 0 |a Európska únia 
100 1 |a Bartl, Jaroslav